Transporation system studies analysis and policy (Record no. 543035)

000 -LEADER
fixed length control field 00358nam a22001217a 4500
082 ## - DEWEY DECIMAL CLASSIFICATION NUMBER
Classification number 0074600958
Author Mark TRA
-- L-18, P-50
245 ## - TITLE STATEMENT
Title Transporation system studies analysis and policy
260 ## - PUBLICATION, DISTRIBUTION, ETC.
Place of publication, distribution, etc. New Delhi
Name of publisher, distributor, etc. Tata MaGraw Hill
Date of publication, distribution, etc. 1988
300 ## - PHYSICAL DESCRIPTION
Extent v, 217 p. :
Other physical details ill, ;
Dimensions 20 cm.
526 ## - STUDY PROGRAM INFORMATION NOTE
Program name 0
Interest level 0
Reading level 0
Title point value 388_000000000000000_TRA
650 ## - SUBJECT ADDED ENTRY--TOPICAL TERM
Topical term or geographic name entry element MCE
9 (RLIN) 379
942 ## - ADDED ENTRY ELEMENTS (KOHA)
Source of classification or shelving scheme
Koha item type Book
Holdings
Withdrawn status Lost status Source of classification or shelving scheme Damaged status Not for loan Permanent Location Current Location Date acquired Total Checkouts Full call number Barcode Date last seen Price effective from Koha item type
          Military College of Engineering (MCE) Military College of Engineering (MCE) 03/03/2014   388 TRA MCE-24733 03/03/2014 03/14/2021 Book
© 2023 Central Library, National University of Sciences and Technology. All Rights Reserved.